000 01487cam a2200421 i 4500
003 EG-GICUC
005 20260321230922.0
008 260321s1967 fr fr 000 0 fre
035 _a7549952
040 _aDLC
_cCarP
_dDLC
_bfre
_eRda
041 _afre
082 0 4 _221
_a330.026040
_bCA.T
092 0 4 _221
099 _aLaw1 13 330.026040 CA.T 2ed. 1967
100 1 _aCarabiber, Charles
_eAuteur
245 1 0 _aTrusts, cartels et ententes /
_blégislation et jurisprudence des principaux pays industriels et de la Communauté économique européenne /
_cCharles Carabiber.
250 _a2ed.
300 _a297 pages;
_c23 cm.
_billustration ;
336 _atext
_btxt
_2rdacontent
337 _aunmediated
_bn
_2rdamedia
338 _avolume
_bnc
_2rdacarrier
504 _aBibliography: pages 190-192.
546 _aTexte en français
650 _aFonds fiduciaires
_2qrmak
650 _ablocs et accords
_2qrmak
650 _aLégislation économique
_2qrmak
650 _aPays industrialisés
_2qrmak
650 _aCommunauté économique européenne
_2qrmak
651 1 _2qrmak
700 1 _aEDGAR FAURE
_ePréfacier
856 4 0 _uhttps://fll.law.cu.edu.eg/fulltext/bks/B13-04609.pdf
905 _a60
906 _a0
_bcbc
_cpremunv
_du
_encip
_f19
_gy-gencatlg
942 _2ddc
_cBK
_e21
_n0
999 _c66483
_d66483